| 000 | 00388nam a2200109Ia 4500 | ||
|---|---|---|---|
| 008 | 170221s9999 xx 000 0 und d | ||
| 100 | _aReuben Segara | ||
| 245 | _aPerformance of Active Extension Strategies: Evidence from the Australian Equities Market | ||
| 245 | _cReuben Segara, Abhishek Das, and James Turner | ||
| 650 | _xBusiness | ||
| 856 | _uhttp://ro.uow.edu.au/aabfj/vol6/iss3/2/ | ||
| 999 |
_c307769 _d307769 |
||